00500nam a2200169Ia 450000500170000000800410001708200150005824500500007326000410012330000120016465000100017665000120018670000140019894200060021295200970021899900150031520240606051744.0240331s9999 xx 000 0 und d bBEYa331.4 0aBeyond labour issues :bwomen workers in Asia aHong KongbCommittee for Asian Women a70 p ., aWoman aGeneral aCAW.eedt cL 001040708LaWERCLbWERCLcSSCd2024-03-31l0o 331.4 BEYp3077r2024-03-31w2024-03-31yL c2600d2600